00600nam a2200145 a 450000100100000000500170001000800410002704000250006808200150009324500510010826000770015930000210023695201800025799900170043700004509720201002045857.0150202s1967 flu 000 0 spa d aDO-SdBNPbspacBNPHU axxxxbxxxx00aEl caso de Cuba ante el derecho internacional. aMiami, Florida :bColegio de Abogados de la Habana, en el Exilio,c1967. a223 p. ;c21 cm. 001050718MOaGRbGRcCTd2015-02-02iLF1l0oxxxx xxxxp45097-10r2020-06-25w2020-06-25y1zPerteneció a la biblioteca personal de Germán Emilio Ornes.ZNo se presta c44586d44586